000 00593nam a22001937a 4500
003 BUBTL
008 210204b xxu||||| |||| 00| 0 eng d
020 _a9780857090027
082 _a519.2 / H3237s
100 _91208
_aHayavadana,J.
245 _aStatistics for Textiles and Apparel Management /
_cJ.Hayavadana
260 _aNew Delhi :
_bWoodhead Publishing India Pvt.Ltd.,
_cc2012.
300 _aviii, 356 p. :
_c24 cm.
500 _aIncludes Index
650 0 _2Textile
_9171
_aStatistics
856 _k0
_l0
_yDownload
942 _2ddc
_cBK
999 _c6431
_d6431